| 000 | 00670cam a22002294a 4500 | ||
|---|---|---|---|
| 001 | 14097732 | ||
| 005 | 20180207074126.0 | ||
| 008 | 050818s2006 cauag 001 0 eng | ||
| 010 | _a 2005544521 | ||
| 020 | _a0534619622 | ||
| 040 |
_aDLC _cDLC _dDLC |
||
| 041 | _aeng | ||
| 042 | _apcc | ||
| 080 | _a78 WRI | ||
| 100 | 1 | _a45 | |
| 101 | _aMUZ | ||
| 245 | 1 | 0 |
_aMusic in western civilization / _cCraig Wright, Bryan Simms. |
| 504 | _aIncludes bibliographical references (p. [789]-790) and index. | ||
| 906 |
_a7 _bcbc _corignew _d2 _encip _f20 _gy-gencatlg |
||
| 942 |
_2ddc _cBK |
||
| 999 |
_c42020 _d42020 |
||